000 00680nam a2200181Ia 4500
008 090124s9999 xx 000 0 und d
082 _b8503
100 _aकुलकर्णी श्य़ामकान्त
245 _a दूर गेलेल्य़ा नौका
250 _a0
260 _bप्रपंच प्रकाशन
_c1977
300 _a143
600 _aकुलकर्णी श्य़ामकान्त
630 _a दूर गेलेल्य़ा नौका
700 _aकुलकर्णी श्य़ामकान्त
730 _a दूर गेलेल्य़ा नौका
942 _cBOOK
999 _c85760
_d85760